Tous les repères historiques - Statistiques

Statistiques générales
  • Ce quiz a été pris 19 fois
  • Le résultat moyen est 16 sur 37
Statistiques - réponses
Indice Réponse % Correct
Première Guerre mondiale 1914-1918
71%
Chute du mur de Berlin 1989
71%
Bataille de Verdun 1916
71%
il arrive au pouvoir en Allemagne en 1933 Hitler
71%
Révolutions russes 1917
64%
Fin de l'URSS 1991
64%
Traité de Maastricht 1992
64%
Mise en circulation de l'euro 2002
64%
appel du G.De Gaulle (date complete) 18 juin 1940
64%
Découverte de l'Amerique C.Colomb 1492
57%
Prise de la Bastille (date complete) 14 juillet 1789
57%
Victoire du Front Populaire 1936
57%
Seconde Guerre Mondiale 1939-1945
57%
fin guerre d'Algérie 1962
57%
Bombes lachés sur Hiroshima et Nagasaki (mois et année) août 1945
57%
Roi mort guillotiné Louis 16
57%
il a instauré le Régime de Vichy Pétain
57%
il arrive au pouvoir en 1924 en URSS Staline
57%
5ème republique 1958
50%
Couronnement de Charlemagne 800
50%
armistice de la première guerre mondiale (date complete) 11 novembre 1918
43%
Couronnement Napoléon Ier 1804
43%
abolition de l'esclavage 1848
43%
Traité de Rome 1957
43%
armistice seconde guerre mondiale (date complete) 8 mai 1945
43%
il rend l'école obligatoire, laique et gratuite Jules Ferry
43%
Séparation de l'Eglise et de l'Etat 1905
36%
Edit de Nantes 1598
14%
Périclès 5ème siècle
14%
affaire qui éclate au début jusqu'au début du siècle affaire Dreyfus
14%
Bataille d'Alésia 52 avant JC
14%
Règne de Louis 14 1661-1715
14%
Premières croisades 1096-1099
7%
Eglises gothiques 12-15ème siècles
7%
Début du Christianisme 1er siècle
7%
Fondation de Rome/ Premier écrit de la Bible 8ème siècle
7%
Eglises romanes 10-12ème siècles
7%
Aucun quiz correspondant
Distribution des résultats
% des personnes avec chaque résultat
Percentile par nombre de réponses
Votre historique - résultats
Vous n’avez pas pris ce quiz